Erupciones volcánicas: efectos sobre la Ganadería
Gardado en:
| Autor Principal: | |
|---|---|
| Formato: | Libro |
| Idioma: | Lingua castelá |
| Publicado: |
Valdivia
Ediciones UACH
2015
|
| Edición: | 1a. ed |
| Subjects: | |
| Tags: |
Engadir etiqueta
Sen Etiquetas, Sexa o primeiro en etiquetar este rexistro!
|
MARC
| LEADER | 00000cam a2200000 a 4500 | ||
|---|---|---|---|
| 001 | UCD3086 | ||
| 003 | CL-VaPUC | ||
| 008 | 160526e20150000cl |||||||||||||||||spa|d | ||
| 020 | |a 9789569412202 | ||
| 082 | 0 | 4 | |a 636 |b ARA |2 21 |
| 100 | 0 | |a Araya Valenzuela, Oscar |e author |9 586450 | |
| 245 | 1 | 0 | |a Erupciones volcánicas: efectos sobre la Ganadería |
| 250 | |a 1a. ed | ||
| 300 | |a 137 p | ||
| 942 | |c BK | ||
| 945 | |d 20160526 21:26:00 |a dcastane | ||
| 260 | |a Valdivia |b Ediciones UACH |c 2015 | ||
| 650 | 0 | |a Ganadería |9 264177 | |
| 650 | 0 | |a Cenizas volcánicas |9 586451 | |
| 650 | 0 | |a Erupciones volcánicas |9 361520 | |
| 650 | 0 | |a Contaminación del medio ambiente |9 482074 | |
| 583 | |a last modification |c 20160526 21:26:00 |k Rodrigo Vera | ||
| 999 | |c 364150 |d 364148 | ||
| 952 | |0 0 |1 0 |3 erb |4 0 |6 636_000000000000000_ARA_2015 |7 0 |8 A |9 477094 |a BIBAGR |b BIBAGR |i 5287766 |o 636 ARA 2015 |p 5287766 |r 2025-01-20 |w 2019-11-24 |y BK |z Catalogado en:20160526 |k AGR | ||